Вторжения - Statistics

General Stats
  • This quiz has been taken 3 623 times
  • The average score is 18 of 66
Answer Stats
Год Нападающий Защищающийся % Correct
2022 Россия Украина
99%
2014 Турция Сирия
62%
2003 США Ирак
60%
2022 Турция Ирак
56%
1939 Германия, СССР Польша
52%
2001 США Афганистан
49%
1999 НАТО Югославия
49%
1941 Германия, Италия, Финляндия, Венгрия, Румыния, Словакия, Хорватия, СССР
49%
1979 СССР Афганистан
48%
1950 Северная Корея Южная Корея
48%
1939 СССР Финляндия
42%
1941 Япония США
40%
1940 Германия Франция|Нидерланды|Люксембург|Бельгия|Дания|Норвегия|Великобритания
40%
2011 НАТО Ливия
39%
1937 Япония Китай
39%
1947 Египет, Сирия, Ливан, Трансиордания, Саудовская Аравия, Йемен, Ирак, Судан Израиль
37%
1973 Египет, Сирия, Ирак, Иордания Израиль
36%
1982 Аргентина Великобритания
34%
1990 Ирак Кувейт
33%
1914 Австро-Венгрия Сербия
33%
1812 Франция Россия
32%
1980 Ирак Иран
31%
1905 Япония Россия
31%
1935 Италия Эфиопия
29%
1940 Италия Греция
28%
1815 Россия, Великобритания, Пруссия, Австрия, Испания, Дания, Португалия, Швейцария Франция
28%
1955 США Вьетнам
27%
1941 Германия, Италия, Болгария, Венгрия Югославия
27%
1853 Франция, Великобритания, Османская Империя Россия
27%
1918 Великобритания, Франция, США, Япония, Китай, Румыния, Югославия, Греция, Чехословакия, Италия, Польша Россия
26%
1939 Италия Албания
25%
1959 Великобритания, Франция, Израиль Египет
24%
1609 Польша Россия
24%
1772 Пруссия, Россия, Австрия Речь Посполитая
23%
1941 Великобритания, СССР Иран
22%
1913 Болгария Сербия
22%
1912 Болгария, Сербия, Черногория, Греция Османская Империя
22%
1795 Пруссия, Австрия, Россия Речь Посполитая
22%
1792 Россия, Пруссия Речь Посполитая
22%
1968 Варшавский договор Чехословакия
21%
1976 Сирия Ливан
20%
1932 Боливия Парагвай
20%
1846 США Мексика
20%
1898 Россия, Германия, США, Япония, Великобритания, Франция, Италия, Австро-Венгрия Китай
19%
1978 Ливия Чад
18%
1975 Марокко, Мавритания Западная Сахара
18%
1956 СССР Венгрия
18%
1776 Португалия Испания
18%
1592 Япония Корея
16%
1999 Австралия Индонезия
15%
1975 Индонезия Восточный Тимор
15%
1879 Чили Боливия
15%
1961 США Куба
13%
1989 США Панама
12%
1898 США Испания
12%
1895 Италия Эфиопия
11%
1983 США Гренада
9%
1588 Испания Великобритания/Англия
8%
1970 США Камбоджа
6%
1532 Испания Инки
6%
1519 Испания Ацтеки
6%
1919 Великобритания Афганистан
5%
1807 Великобритания Дания
5%
1558 Россия Ливония
5%
1795 Франция Нидерланды
4%
1581 Россия Сибирь
4%
No matching quizzes found
Score Distribution
Percent of People with Each Score
Percentile by Number Answered
Your Score History
You have not taken this quiz